Obras completas : 1923-1972 [borges] /

Guardado en:
Autor Principal: Borges, Jorge Luis
Formato: Libro
Publicado: Buenos Aires : Emece, 1983
Materias:
Etiquetas: Agregar Etiqueta
Sin Etiquetas, Sea el primero en etiquetar este registro!
LEADER 00480nam a22001575a 4500
001 EHU.bham010413
003 AR-BHAM
005 20061212171014.0
008 130507s1983##################000#0#####d
082 A 8 |a 861.4 
100 1 |a Borges, Jorge Luis 
245 1 0 |a Obras completas :  |b 1923-1972 [borges] /  |c Jorge Luis Borges 
260 |a Buenos Aires :  |b Emece,  |c 1983 
300 |a 1161 p. 
653 |a Poesia argentina-1911- 
859 |a AR-BHAM  |b BIB. HUMANIDADES - General  |h A861.4  |i B644-2  |k A  |p 707.86  |t Ej.1